000 00211 a2200097 4500
001 2249
100 _aAdams,HT
245 _aelements of Internal com, Turb,Theo
260 _a
_bCambuidge
_c
090 _c1633
_d1633
942 _aNUST-CAE
_cM
_c7036
999 _c237322
_d237322